Periodic Table Elements by Alphabetical Order - Statistics

General Stats
  • This quiz has been taken 184 times
  • The average score is 73 of 118
Answer Stats
Element % Correct
Actinium
88%
Aluminium
88%
Americium
82%
Arsenic
82%
Barium
82%
Argon
79%
Astatine
79%
Boron
79%
Antimony
76%
Berkelium
76%
Beryllium
76%
Bismuth
76%
Bromine
76%
Cadmium
73%
Calcium
70%
Californium
70%
Cobalt
70%
Copper
70%
Carbon
67%
Cerium
67%
Chromium
67%
Fluorine
67%
Gallium
67%
Germanium
67%
Helium
67%
Hydrogen
67%
Iridium
67%
Magnesium
67%
Neon
67%
Nitrogen
67%
Palladium
67%
Bohrium
64%
Curium
64%
Fermium
64%
Gadolinium
64%
Hafnium
64%
Indium
64%
Iodine
64%
Krypton
64%
Lawrencium
64%
Livermorium
64%
Lutetium
64%
Manganese
64%
Molybdenum
64%
Neptunium
64%
Niobium
64%
Polonium
64%
Potassium
64%
Radon
64%
Uranium
64%
Zinc
64%
Caesium
61%
Chlorine
61%
Dubnium
61%
Dysprosium
61%
Erbium
61%
Francium
61%
Gold
61%
Holmium
61%
Lanthanum
61%
Lithium
61%
Mendelevium
61%
Nickel
61%
Nobelium
61%
Oganesson
61%
Oxygen
61%
Phosphorus
61%
Platinum
61%
Plutonium
61%
Radium
61%
Ruthenium
61%
Selenium
61%
Strontium
61%
Thallium
61%
Thorium
61%
Tin
61%
Titanium
61%
Vanadium
61%
Xenon
61%
Yttrium
61%
Zirconium
61%
Copernicium
58%
Einsteinium
58%
Europium
58%
Flerovium
58%
Hassium
58%
Lead
58%
Nihonium
58%
Osmium
58%
Silicon
58%
Sulfur
58%
Tellurium
58%
Ytterbium
58%
Mercury
55%
Moscovium
55%
Neodymium
55%
Rhenium
55%
Rutherfordium
55%
Seaborgium
55%
Silver
55%
Sodium
55%
Tantalum
55%
Tennessine
55%
Terbium
55%
Thulium
55%
Darmstadtium
52%
Iron
52%
Meitnerium
52%
Rhodium
52%
Samarium
52%
Technetium
52%
Tungsten
52%
Praseodymium
48%
Promethium
48%
Protactinium
48%
Roentgenium
48%
Rubidium
48%
Scandium
48%
No matching quizzes found
Score Distribution
Percent of People with Each Score
Percentile by Number Answered
Your Score History
You have not taken this quiz